000 01824nam a2200361 c 4500
003 BLK
005 20250604153246.0
008 180411b bul|||||r ||||||| ||bul||
010 _aKNG00178448000
040 _aBLK
041 _aBUL
_cBUL
080 _aХимия. Кристалография. Минералогия. Вж и 577.1; 66; 612.015; 631.41
_b54
_x(092)
_z54(092)
080 _aБиографии
_b929
_x(100)
_z929(100)
100 _aМанолов, Калоян Русев
_d1930 -
_gХимик.
_9271918
139 _aМанолов, Калоян Русев
_bМ 27
245 1 0 _aВелики химици
_bРазкази в 4 т. -
_cКалоян Русев Манолов.
_nТ. 1
250 _a2. изд.
257 _aBGR
260 София
_bНар. просв.
_c1981 -
300 _c18 см
380 _a5
500 _aАвт. не е отбелязан на кор. - 5 505 тир. - Рез. на рус., англ., нем. ез.
653 _aхимици
653 _aбиографии
653 _aсвят
760 1 _aМанолов, Калоян Русев
_b2. изд.
_d1981
_h320 с. : с ил., портр.
_n1. изд. 1969. - Биогр. очерци за Й. Р. Глаубер, Р. Бойл, М. В. Ломоносов, Джозеф Пристли, Карл В. Шееле, Антоан Л. Лавоазие, К. Л. Бертоле, Жозеф Л. Пруст, Джон Далтон, Жозеф-Луи Гей-Люсак, Хъмфри Дейви, Майкъл Фарадей.
_tТ. 1
852 _aЦб І 19381
856 4 _qpdf
_u
856 4 _qpdf
_u
942 _cKNG
_n0
_01
944 _aCR
_c18.07.2015
_lГеновева Генчева
_k30560
944 _aED
_c21.09.2017
_l18.07.2015 - от С1,Р / 18.07.2015
_kСевдалина_Василева
999 _c170315
_d170315